[Event "34ème Open International d'Avoine"]
[Site "AVOINE"]
[Date "2019.07.20"]
[Round "7.42"]
[White "Burille, Matthieu"]
[Black "Dubois, Emmanuelle"]
[Result "1-0"]
[WhiteElo "2121"]
[BlackElo "1863"]
[PlyCount "105"]
[EventDate "2019.??.??"]
[WhiteTeam "Club d'Echecs d'Avoine"]
[BlackTeam "C.E.de St Just "]

1. e4 c5 2. Nf3 e6 3. d4 cxd4 4. Nxd4 a6 5. c4 Qc7 6. Nc3 Nf6 7. Qd3 Be7 8. Be2
d6 9. Be3 Nbd7 10. Rc1 Ne5 11. Qd1 O-O 12. O-O b6 13. f4 Ned7 14. Bf3 Bb7 15.
g4 Rac8 16. g5 Ne8 17. Bg4 Nc5 18. b4 Nxe4 19. Nd5 exd5 20. cxd5 Qd8 21. Bxc8
Bxc8 22. Qd3 Nc5 23. bxc5 dxc5 24. Nc6 Qd7 25. Qe4 Bd6 26. Rfe1 Nc7 27. Rcd1
Re8 28. Ne5 Qf5 29. Qxf5 Bxf5 30. Nc4 Rd8 31. Nxb6 Bg4 32. Rc1 Nb5 33. Bxc5
Bxf4 34. Rc4 Bd2 35. Re7 Bf5 36. a4 Bd3 37. axb5 Bxg5 38. Rd4 Bxb5 39. Re1 Bf6
40. Rdd1 g6 41. d6 a5 42. d7 a4 43. Re8+ Rxe8 44. dxe8=Q+ Bxe8 45. Nd5 Bg5 46.
Be7 Bxe7 47. Nxe7+ Kg7 48. Nd5 f5 49. Nc3 g5 50. Ra1 f4 51. Nxa4 h5 52. Nc5 Kf6
53. Ne4+ 1-0

[Event "34ème Open International d'Avoine"]
[Site "AVOINE"]
[Date "2019.07.20"]
[Round "7.43"]
[White "Leccia, Antoine"]
[Black "Le, Quan Anh"]
[Result "1-0"]
[WhiteElo "1876"]
[BlackElo "2119"]
[PlyCount "115"]
[EventDate "2019.??.??"]
[WhiteTeam "Corsica Chess Club"]
[BlackTeam "Thomas Bourgneuf - Creteil"]

1. d4 Nf6 2. Bf4 e6 3. e3 c5 4. c3 b6 5. Nd2 Bb7 6. Bd3 Be7 7. Ngf3 O-O 8. O-O
Nh5 9. Bg3 Nxg3 10. hxg3 d5 11. Qe2 g6 12. Rfd1 Nc6 13. c4 dxc4 14. Nxc4 cxd4
15. Be4 Bf6 16. Bxc6 Bxc6 17. Nxd4 Bd7 18. Rac1 Qe7 19. Na3 Rac8 20. Rxc8 Rxc8
21. Nab5 e5 22. Nb3 Be6 23. Nc3 Rd8 24. Rd2 Rxd2 25. Nxd2 Qd7 26. Nde4 Be7 27.
a3 f5 28. Nd2 Bf6 29. e4 Qd4 30. Nf3 Qc4 31. Qe3 Qc5 32. Qd3 Kf7 33. Qa6 Qe7
34. Qe2 Qc7 35. Qd2 Qc4 36. Qd6 Qc5 37. Qd2 Ke7 38. Qh6 Bg8 39. Ng5 f4 40. gxf4
exf4 41. Nxh7 Bxc3 42. bxc3 Bf7 43. Qf8+ Ke6 44. Qxc5 bxc5 45. Ng5+ Kf6 46.
Nxf7 Kxf7 47. f3 Ke6 48. Kh2 Kf6 49. Kh3 Kg5 50. a4 a6 51. a5 c4 52. g3 fxg3
53. Kxg3 Kf6 54. Kf4 Ke6 55. Kg5 Kf7 56. e5 Ke6 57. f4 Kf7 58. Kh6 1-0

[Event "34ème Open International d'Avoine"]
[Site "AVOINE"]
[Date "2019.07.20"]
[Round "7.44"]
[White "Gouanelle, Franck"]
[Black "Davy, Bruno"]
[Result "1-0"]
[WhiteElo "2094"]
[BlackElo "1856"]
[PlyCount "69"]
[EventDate "2019.??.??"]
[WhiteTeam "C.E. de Rueil Malmaison"]
[BlackTeam "l'Echiquier de La Ville Montreuil"]

1. d4 d5 2. Nc3 Bf5 3. Bf4 c6 4. Qd2 Nf6 5. f3 h6 6. g4 Bg6 7. e3 e6 8. h4 Bb4
9. Bd3 Bxd3 10. Qxd3 Qa5 11. Nge2 Nbd7 12. a3 c5 13. Kf2 Bxc3 14. Nxc3 c4 15.
Qd1 b5 16. a4 b4 17. Nb5 O-O 18. Bc7 Qa6 19. g5 Nh5 20. f4 g6 21. Bd6 Qb7 22.
Bxf8 Nxf8 23. Qd2 a6 24. Qxb4 Rb8 25. b3 axb5 26. axb5 cxb3 27. cxb3 Ra8 28.
Rhc1 Qb8 29. Kf3 hxg5 30. hxg5 Rxa1 31. Rxa1 Ng7 32. b6 Nf5 33. b7 Nd6 34. Qxd6
Qxd6 35. Ra8 1-0

[Event "34ème Open International d'Avoine"]
[Site "AVOINE"]
[Date "2019.07.20"]
[Round "7.45"]
[White "Abbassi, Zeyneb"]
[Black "Julien, Jules-Alois"]
[Result "1-0"]
[WhiteElo "1856"]
[BlackElo "2093"]
[PlyCount "71"]
[EventDate "2019.??.??"]
[WhiteTeam "C.E. Strasbourg"]
[BlackTeam "Club d'Echecs de la Bruffière"]

1. d4 Nf6 2. Bf4 g6 3. Nc3 d5 4. e3 Bg7 5. Nf3 Bf5 6. Be2 O-O 7. Ne5 c5 8. g4
Be6 9. h4 Nc6 10. h5 Qa5 11. hxg6 hxg6 12. f3 Rac8 13. Qd2 Nd7 14. Nxd7 Bxd7
15. Nxd5 Qxd2+ 16. Kxd2 Be6 17. Nc7 Rxc7 18. Bxc7 cxd4 19. exd4 Nxd4 20. c3 Rc8
21. Bf4 Nc6 22. Rhd1 Ne5 23. Ke3 a6 24. Rd2 Nc6 25. Kf2 Re8 26. Be3 Bc8 27.
Rad1 e5 28. Bd3 Bf6 29. Be4 Nd8 30. Bd5 Be7 31. Bb6 Kg7 32. Re2 f5 33. Bc7 Bc5+
34. Kg3 Kf6 35. g5+ Kxg5 36. Bxe5 1-0

[Event "34ème Open International d'Avoine"]
[Site "AVOINE"]
[Date "2019.07.20"]
[Round "7.46"]
[White "Maugin, Narada"]
[Black "Kern, Nicolas"]
[Result "0-1"]
[WhiteElo "1853"]
[BlackElo "2085"]
[PlyCount "98"]
[EventDate "2019.??.??"]
[WhiteTeam "L'Echiquier Angevin"]
[BlackTeam "Club d'Echecs de Mundolsheim"]

1. e4 c5 2. Nf3 e6 3. d4 cxd4 4. Nxd4 a6 5. Nc3 b5 6. Bd3 Bb7 7. O-O Qc7 8. Be3
Nf6 9. a3 Nc6 10. Nxc6 Qxc6 11. f4 d5 12. exd5 Nxd5 13. Nxd5 Qxd5 14. Qe2 Bc5
15. Bxc5 Qxc5+ 16. Kh1 O-O 17. f5 Rfe8 18. f6 g6 19. Be4 Qe5 20. Bf3 Qxe2 21.
Bxe2 Rac8 22. c3 e5 23. a4 b4 24. c4 a5 25. Rad1 Rcd8 26. Kg1 h6 27. Kf2 g5 28.
Bg4 Bc6 29. b3 Rd4 30. Rxd4 exd4 31. Rd1 Re4 32. Bf3 Rf4 33. Ke2 Bxf3+ 34. gxf3
Kf8 35. c5 Ke8 36. Kd3 Kd7 37. Kc4 Kc6 38. Rxd4 Rxf6 39. Rd6+ Rxd6 40. cxd6 f5
41. d7 Kxd7 42. Kd5 g4 43. fxg4 fxg4 44. Ke5 Kc6 45. Kf4 Kd5 46. Kxg4 Kd4 47.
h4 Kc3 48. Kh5 Kxb3 49. Kxh6 Kxa4 0-1

[Event "34ème Open International d'Avoine"]
[Site "AVOINE"]
[Date "2019.07.20"]
[Round "7.47"]
[White "Cau, Benjamin"]
[Black "Grall, Alba"]
[Result "1/2-1/2"]
[WhiteElo "2073"]
[BlackElo "1831"]
[PlyCount "150"]
[EventDate "2019.??.??"]
[WhiteTeam "Echecs Club de Corbas"]
[BlackTeam "Thomas Bourgneuf - Creteil"]

1. e4 e5 2. Nf3 Nc6 3. Bb5 g6 4. O-O Bg7 5. c3 a6 6. Bxc6 dxc6 7. d4 exd4 8.
Nxd4 c5 9. Nb3 Qxd1 10. Rxd1 c4 11. Na5 b5 12. Bf4 Nf6 13. Bxc7 O-O 14. f3 Be6
15. Na3 Nd7 16. Nc2 Rfc8 17. Bd6 Nb6 18. Nd4 Bd7 19. Nb7 Na4 20. Ba3 Rc7 21.
Na5 Be8 22. Ne2 Rca7 23. Rac1 Rc8 24. Rc2 Bf6 25. Bb4 Raa8 26. Nb7 Bc6 27. Na5
Be8 28. Kf1 Rd8 29. Rd5 Rxd5 30. exd5 Rd8 31. Rd2 Nb6 32. d6 Nc8 33. Nb7 Rd7
34. Nc5 Rxd6 35. Rxd6 Nxd6 36. Nxa6 Nf5 37. Kf2 Bd8 38. Bc5 Ng7 39. Nd4 Ne6 40.
Nxe6 fxe6 41. Nb4 Bc7 42. g3 Kf7 43. Nc2 Be5 44. Bd4 Bd6 45. f4 Bc6 46. Ne3 h5
47. h4 Be4 48. b3 cxb3 49. axb3 Ke7 50. Ke2 Kd7 51. c4 bxc4 52. bxc4 Kc6 53.
Nf1 Bb4 54. Nh2 Bc2 55. Nf3 Bd6 56. Kd2 Be4 57. Ng5 Bf5 58. Kc3 Ba3 59. Bf2 Bd6
60. Nf3 Bg4 61. Nd4+ Kd7 62. Nb3 e5 63. Be3 exf4 64. Bxf4 Be7 65. Kd4 Bf6+ 66.
Be5 Be7 67. Bf4 Bf6+ 68. Kc5 Bc3 69. Kb6 Bf3 70. Nc5+ Kc8 71. Na6 Bd4+ 72. c5
Bf2 73. Nc7 Bg2 74. Ne8 Kd7 75. Nd6 Bd5 1/2-1/2

[Event "34ème Open International d'Avoine"]
[Site "AVOINE"]
[Date "2019.07.20"]
[Round "7.48"]
[White "Lombart, Philippe"]
[Black "Laplanche, Denis"]
[Result "0-1"]
[WhiteElo "1833"]
[BlackElo "2073"]
[PlyCount "80"]
[EventDate "2019.??.??"]
[WhiteTeam "Les Tours des Hauts de France - St Quentin"]
[BlackTeam "Caen Alekhine"]

1. d4 Nf6 2. c4 e6 3. Nc3 Bb4 4. e3 O-O 5. Bd3 d5 6. Nge2 dxc4 7. Bxc4 e5 8.
O-O Nc6 9. a3 Bd6 10. d5 Ne7 11. e4 Ng6 12. b4 a5 13. b5 b6 14. a4 Qe7 15. Ng3
Nf4 16. Nf5 Bxf5 17. exf5 Bb4 18. Ne2 Qc5 19. Bxf4 exf4 20. Qd4 Rfe8 21. Rac1
Re4 22. Qxc5 Bxc5 23. Rc2 Rae8 24. Nc1 Bd6 25. Nd3 Rd4 26. g3 Ree4 27. Rfc1
fxg3 28. hxg3 Nxd5 29. f3 Re3 30. Bxd5 Rxd5 31. Nf4 Rxf5 32. Kf2 Re8 33. Nd3 g5
34. Kg2 Re3 35. Ne1 Rfe5 36. f4 gxf4 37. gxf4 R5e4 38. Kf2 Bxf4 39. Ng2 Bg3+
40. Kf1 Ra3 0-1

[Event "34ème Open International d'Avoine"]
[Site "AVOINE"]
[Date "2019.07.20"]
[Round "7.49"]
[White "Selebran, Henri"]
[Black "Guillo, Nicolas"]
[Result "1-0"]
[WhiteElo "2070"]
[BlackElo "1823"]
[PlyCount "127"]
[EventDate "2019.??.??"]
[WhiteTeam "LEC Echiquier Limousin"]
[BlackTeam "Club d'Echecs d'Avoine"]

1. c4 g6 2. g3 Bg7 3. Bg2 e5 4. Nc3 Nc6 5. e4 h5 6. h4 d6 7. Nge2 Bg4 8. f3 Be6
9. Nd5 Nh6 10. d3 O-O 11. Be3 Nd4 12. Nxd4 exd4 13. Bd2 c6 14. Nf4 Qd7 15. b4
d5 16. exd5 cxd5 17. c5 Nf5 18. Kf2 Rfe8 19. Qb3 Ne3 20. Nxe6 Rxe6 21. Bh3 f5
22. Rhe1 Rae8 23. Kg1 Be5 24. f4 Bf6 25. Re2 Kg7 26. Rae1 Ng4 27. Bxg4 fxg4 28.
Rxe6 Rxe6 29. Rxe6 Qxe6 30. Qd1 Qa6 31. Qc2 Qc6 32. a4 a6 33. Be1 Kf7 34. Bf2
Bg7 35. Kf1 Qe8 36. Qb3 Qc6 37. Ke2 Ke7 38. Kd1 Kd7 39. Be1 Bf8 40. Qa2 Be7 41.
Bd2 Bf8 42. Qb3 Ke6 43. Qc2 a5 44. b5 Qxc5 45. Bxa5 b6 46. Bd2 Kd7 47. Qb3 Kc7
48. a5 bxa5 49. Bxa5+ Kb7 50. Qa4 Qa3 51. Qxa3 Bxa3 52. Kc2 Bd6 53. Kb3 Bc5 54.
Ka4 Be7 55. Bb4 Bf6 56. Bc5 Bg7 57. b6 Bf6 58. Kb5 Bg7 59. Be7 Bh8 60. Kc5 Bg7
61. Bd8 Bh6 62. Bc7 Bf8+ 63. Kxd5 Bb4 64. Ke6 1-0

[Event "34ème Open International d'Avoine"]
[Site "AVOINE"]
[Date "2019.07.20"]
[Round "7.50"]
[White "Baudon, Andrew"]
[Black "Joly, Julien"]
[Result "0-1"]
[WhiteElo "1825"]
[BlackElo "2060"]
[PlyCount "152"]
[EventDate "2019.??.??"]
[WhiteTeam "Echiquier Quimpérois"]
[BlackTeam "Echecs Club de Corbas"]

1. c4 e5 2. Nc3 Nc6 3. g3 d6 4. Bg2 Be6 5. d3 Qd7 6. Rb1 g6 7. e3 Bg7 8. Ne4 h6
9. b4 f5 10. Nd2 Nge7 11. Qc2 O-O 12. Ne2 Nd8 13. Bb2 c6 14. f4 Nf7 15. Nb3 b6
16. d4 e4 17. O-O a5 18. bxa5 bxa5 19. d5 cxd5 20. Bxg7 Kxg7 21. Qc3+ Kh7 22.
Nxa5 Ra7 23. Nd4 Rfa8 24. Rb5 dxc4 25. Nxe6 Qxe6 26. Qxc4 Qxc4 27. Nxc4 Rxa2
28. Rb7 R8a7 29. Rfb1 d5 30. Bf1 Kg7 31. Rxa7 Rxa7 32. Nd2 Rc7 33. Rb6 Rc6 34.
Rb7 Kf6 35. Kf2 Nd6 36. Rb2 Rc3 37. Nb1 Rc1 38. Na3 Rc5 39. Nb5 Nxb5 40. Bxb5
Nc8 41. Ba6 Nd6 42. Be2 Ke6 43. Ra2 Rc7 44. Ra8 Rc8 45. Ra7 Rc2 46. Rg7 Kf6 47.
Ra7 d4 48. exd4 Nb5 49. Ra6+ Ke7 50. Ke1 Nxd4 51. Ra7+ Kf6 52. Ra6+ Rc6 53.
Rxc6+ Nxc6 54. Kd2 Nd4 55. Bd1 Ke6 56. Ke3 Kd5 57. h4 Ne6 58. Ba4 Nf8 59. Bd1
Ke6 60. g4 Nh7 61. h5 gxh5 62. gxf5+ Kxf5 63. Bxh5 Nf6 64. Bd1 Nd5+ 65. Kd4
Nxf4 66. Bc2 Ne2+ 67. Ke3 Ng3 68. Bd1 h5 69. Ba4 Ke5 70. Kf2 Kf4 71. Kg2 Nf5
72. Kh3 e3 73. Bd1 h4 74. Bg4 Kg5 75. Bd1 Nd4 76. Kg2 e2 0-1